| 000 | 00564nam a2200169 i 4500 | ||
|---|---|---|---|
| 001 | 36130 | ||
| 003 | ES-MaACL | ||
| 005 | 20230906155317.0 | ||
| 007 | t| | ||
| 008 | 030217s1907 fr ||||1| fre d | ||
| 100 | 1 |
_aBreteau, Pierre. _931620 |
|
| 245 | 1 | 0 |
_aGuide pratique des falsifications et altérations des substances alimentaires / _cpar Pierre Breteau ; preface par Cazeneuve. |
| 260 |
_aParis : _bJ.B. Baillière, _c1907 ( _fDarantiére) |
||
| 300 |
_aVIII, 386 p., 10 lám. : _bil. ; _c20 cm. |
||
| 700 | 1 |
_aCazeneuve. _937241 |
|
| 852 |
_aES-MaACL _jD-2877 |
||
| 999 |
_c36130 _d36130 |
||